Light scattering functions for small particles (Record no. 4481)

MARC details
000 -LEADER
fixed length control field 00602nam a2200193Ia 4500
003 - CONTROL NUMBER IDENTIFIER
control field IN-BaIIA
008 - FIXED-LENGTH DATA ELEMENTS--GENERAL INFORMATION
fixed length control field 211028s9999 xx 000 0 eng d
020 ## - INTERNATIONAL STANDARD BOOK NUMBER
International Standard Book Number 85274-234-7
040 ## - CATALOGING SOURCE
Transcribing agency IIA Library
080 ## - UNIVERSAL DECIMAL CLASSIFICATION NUMBER
Universal Decimal Classification number 524.5
Item number WIC
100 ## - MAIN ENTRY--PERSONAL NAME
Personal name Wickramasinghe, N. C.
9 (RLIN) 5397
245 #0 - TITLE STATEMENT
Title Light scattering functions for small particles
Remainder of title with applications in astronomy
Statement of responsibility, etc. N. C. Wickramasinghe
260 ## - PUBLICATION, DISTRIBUTION, ETC.
Place of publication, distribution, etc. London
Name of publisher, distributor, etc. Adam Hilger
Date of publication, distribution, etc. 1973
300 ## - PHYSICAL DESCRIPTION
Extent 506p.
650 ## - SUBJECT ADDED ENTRY--TOPICAL TERM
Topical term or geographic name entry element Astronomy and astrophysics thesaurus
650 ## - SUBJECT ADDED ENTRY--TOPICAL TERM
Topical term or geographic name entry element Elementary particle scattering
9 (RLIN) 7821
650 ## - SUBJECT ADDED ENTRY--TOPICAL TERM
Topical term or geographic name entry element Interstellar matter
9 (RLIN) 1189
942 ## - ADDED ENTRY ELEMENTS (KOHA)
Koha item type Books
Holdings
Withdrawn status Lost status Damaged status Not for loan Home library Current library Shelving location Date acquired Total Checkouts Full call number Barcode Date last seen Price effective from Koha item type
        IIA Library-Bangalore IIA Library-Bangalore General Stacks 26/08/1974   524.5/ WIC 5004 05/11/2021 26/08/1974 Books

Powered by Koha